| 000 | 00551nam a2200181 a 4500 | ||
|---|---|---|---|
| 001 | 22536 | ||
| 003 | CO-ViMGA | ||
| 008 | 141112s2004 ck r 000 u spa d | ||
| 040 |
_aCO-ViMGA _bspa _cCO-ViMGA |
||
| 082 | 0 | 4 | _aMAC b |
| 100 | 1 |
_aMachado, Ana Maria _915936 |
|
| 245 | 1 | 0 | _aEl barbero y el coronel |
| 260 |
_aBogotá : _bNorma, _c1999 |
||
| 300 | _a48 | ||
| 590 | _aForma de adquisición : Compra - - Precio : 16000 - - Proveedor : Dismet - - Fecha de adquisición : 2008 | ||
| 650 | 1 | 4 |
_aCUENTOS INFANTILES BRASILEÑOS _92375 |
| 942 |
_2ddc _cBK |
||
| 999 |
_c30837 _d30837 |
||